A medieval feast / (Record no. 4086)

MARC details
000 -LEADER
fixed length control field 01285cam a2200397 a 4500
001 - CONTROL NUMBER
control field 4086
003 - CONTROL NUMBER IDENTIFIER
control field FISKH
005 - DATE AND TIME OF LATEST TRANSACTION
control field 20240607110913.0
008 - FIXED-LENGTH DATA ELEMENTS--GENERAL INFORMATION
fixed length control field 830207s1983 nyua j 000 0 eng
010 ## - LIBRARY OF CONGRESS CONTROL NUMBER
LC control number 82045923
020 ## - INTERNATIONAL STANDARD BOOK NUMBER
International Standard Book Number 0690042450 :
020 ## - INTERNATIONAL STANDARD BOOK NUMBER
International Standard Book Number 9780064460507
020 ## - INTERNATIONAL STANDARD BOOK NUMBER
International Standard Book Number 0690042469 (lib. bdg.) :
040 ## - CATALOGING SOURCE
Original cataloging agency DLC
Transcribing agency DLC
Modifying agency DLC
Language of cataloging eng
042 ## - AUTHENTICATION CODE
Authentication code lcac
050 00 - LIBRARY OF CONGRESS CALL NUMBER
Classification number GT3933
Item number .A54 1983
082 00 - DEWEY DECIMAL CLASSIFICATION NUMBER
Classification number 394.1/5
Edition number 19
100 0# - MAIN ENTRY--PERSONAL NAME
Personal name Aliki.
245 12 - TITLE STATEMENT
Title A medieval feast /
Statement of responsibility, etc. written and illustrated by Aliki.
250 ## - EDITION STATEMENT
Edition statement 1st ed.
260 ## - PUBLICATION, DISTRIBUTION, ETC.
Place of publication, distribution, etc. New York :
Name of publisher, distributor, etc. Harper Collins,
Date of publication, distribution, etc. 1983.
300 ## - PHYSICAL DESCRIPTION
Extent 26 unnumbered pages :
Other physical details color illustrations ;
Dimensions 26 cm
505 ## - FORMATTED CONTENTS NOTE
Formatted contents note R<br/>
520 ## - SUMMARY, ETC.
Summary, etc. Describes the preparation and celebration of a medieval feast held at an English manor house entertaining royal guests.
521 8# - TARGET AUDIENCE NOTE
Target audience note 700<br/>
Source Lexile adjusted <br/>
521 8# - TARGET AUDIENCE NOTE
Target audience note R<br/>
Source Raz-Plus <br/>
650 #0 - SUBJECT ADDED ENTRY--TOPICAL TERM
Topical term or geographic name entry element Festivals
General subdivision History
Chronological subdivision To 1500
Form subdivision Juvenile literature.
650 #0 - SUBJECT ADDED ENTRY--TOPICAL TERM
Topical term or geographic name entry element Courts and courtiers
Form subdivision Juvenile literature.
650 #0 - SUBJECT ADDED ENTRY--TOPICAL TERM
Topical term or geographic name entry element Cooking, Medieval
Form subdivision Juvenile literature.
650 #1 - SUBJECT ADDED ENTRY--TOPICAL TERM
Topical term or geographic name entry element Visits of state.
650 #1 - SUBJECT ADDED ENTRY--TOPICAL TERM
Topical term or geographic name entry element Courts and courtiers.
650 #1 - SUBJECT ADDED ENTRY--TOPICAL TERM
Topical term or geographic name entry element Civilization, Medieval.
906 ## - LOCAL DATA ELEMENT F, LDF (RLIN)
a 7
b cbc
c orignew
d 1
e ocip
f 19
g y-gencatlg
942 ## - ADDED ENTRY ELEMENTS (KOHA)
Source of classification or shelving scheme Dewey Decimal Classification
Koha item type Books
Suppress in OPAC No
Holdings
Withdrawn status Lost status Source of classification or shelving scheme Damaged status Not for loan Collection Home library Current library Shelving location Date acquired Total Checkouts Full call number Barcode Date last seen Price effective from Koha item type
    Dewey Decimal Classification     Fiction Footprints International School Library Network Toul Kork Campus Footprints International School Library Network Toul Kork Campus TK Primary Library Room(4th Floor), Bookcase 5&6, Shelves 33-56, Orange Books 06/06/2024   ALI 394.15 GT3933.A54 FISTK00732 06/06/2024 06/06/2024 Books